000 00332nam a2200145Ia 4500
008 191201s1996 xx 000 0 und d
082 _a537.62
_bBES
100 _aBEDI, RK
245 0 _aSemicondUctor Materials
250 _a1st
260 _aN. Delhi
_bGuru Nanak Dev
_c1996
300 _a296
650 _aApplied
942 _2ddc
_cBK
999 _c630
_d630